Every 100,000+ City in Peru in Order - Statistics

General Stats
  • This quiz has been taken 33 times
    4 since last reset
  • The average score is 18 of 49
Answer Stats
Letter Population City % Correct
A 1,311,683 Arequipa
100%
C 552,627 Cusco
100%
L 14,521,902 Lima
100%
C 1,128,094 Chiclayo
75%
C 479,105 Chimbote
75%
H 740,653 Huancayo
75%
I 522,047 Iquitos
75%
P 672,844 Piura
75%
T 1,091,582 Trujillo
75%
C 1,207,608 Callao
50%
I 384,210 Ica
50%
P 446,240 Pucallpa
50%
A 102,042 Abancay
25%
A-S-A 114,688 Alto Selva Alegre
25%
A 106,035 Andahuaylas
25%
A 241,578 Ayacucho
25%
B 105,824 Bellavista
25%
C 319,194 Cajamarca
25%
C 110,503 Cayma
25%
C-C 266,150 Cerro Colorado
25%
C-A 243,047 Chincha Alta
25%
E-P 248,903 El Porvenir
25%
H 151,944 Huacho
25%
H 116,542 Huanchaco
25%
H 250,991 Huánuco
25%
H 122,664 Huaraz
25%
I 100,873 Ilo
25%
J-H 101,453 Jacobo Hunter
25%
J 110,755 Jaén
25%
J-L-O 304,365 José Leonardo Ortiz
25%
J-L-B 107,932 José Luis Bustamante
25%
J 410,066 Juliaca
25%
L-E 227,316 La Esperanza
25%
L-P 102,845 La Perla
25%
L-V 120,515 La Victoria
25%
M 101,965 Miraflores
25%
N-C 113,718 Nuevo Chimbote
25%
P 214,258 Paita
25%
P 328,085 Paucarpata
25%
P 183,016 Pisco
25%
P-M 104,389 Puerto Maldonado
25%
P 207,510 Puno
25%
S 359,757 Sullana
25%
T 396,245 Tacna
25%
T 103,016 Talara
25%
T 253,643 Tarapoto
25%
T 135,029 Tumbes
25%
V 382,570 Ventanilla
25%
V-L-H 105,250 Víctor Larco Herrera
25%
No matching quizzes found
Score Distribution
Percent of People with Each Score
Percentile by Number Answered
Your Score History
You have not taken this quiz since the last reset